Statistiques concernant Pays les plus visités par les Polonais

Cliquez ici pour prendre le quiz!

Statistiques générales

  • Ce quiz a été pris 109 fois
  • Le résultat moyen est 8 sur 10

Statistiques - réponses

Visites (en milliers)Destination% Correct
2 356.5Allemagne
100%
364.9France
96%
661.7Espagne
94%
999.9Italie
94%
970.5Royaume-Uni
84%
725.8République Tchèque
80%
423.6Autriche
76%
389.5Slovaquie
71%
671.2Gréce
69%
683.8Croatie
49%

Distribution des résultats

Percentile par nombre de réponses

% des personnes avec chaque résultat

Votre développement - résultats

Vous n’avez pas pris ce quiz